Т. 78, вып. 6; Журнал физической химии

書誌詳細
Parent link:Журнал физической химии/ Российская академия наук. Т. 78, вып. 6.— , 1931-.— 0044-4537
言語:ロシア語
出版事項: 2004
フォーマット: 図書
KOHA link:https://koha.lib.tpu.ru/cgi-bin/koha/opac-detail.pl?biblionumber=424278

MARC

LEADER 00000nam2a2200000 4500
001 424278
005 20231101074145.0
035 |a (RuTPU)RU\TPU\prd\82551 
035 |a RU\TPU\prd\27175 
090 |a 424278 
100 |a 20100518a19309999k y0rusy50 ca 
101 0 |a rus 
102 |a RU 
200 0 |a Т. 78, вып. 6 
210 |d 2004 
461 1 |0 (RuTPU)RU\TPU\prd\167  |x 0044-4537  |t Журнал физической химии  |f Российская академия наук  |v Т. 78, вып. 6  |d 1931- 
801 0 |a RU  |b 63413507  |c 20010227  |g PSBO 
801 1 |a RU  |b 63413507  |c 20040827  |g PSBO 
801 2 |a RU  |b 63413507  |c 20150810  |g RCR 
942 |c BK 
999 |a НТБ_ТПУ  |b НФ  |e -8/20100113  |p П-3067  |s 30/20030915  |u 0,00  |v 1  |y 13821000751719